Der ehemalige Bergbau im Gebiete Reichenbach-Mylau-Netzschkau

Titel: Der ehemalige Bergbau im Gebiete Reichenbach-Mylau-Netzschkau / von Clemens Bernhardt
Verfasser:
Ausgabe: 1. Aufl.
Veröffentlicht: Reichenbach : Haun & Sohn, [1932]
Umfang: 80 S. : Ill., graph. Darst.
Format: Buch
Sprache: Deutsch
Kein Bild verfügbar
X
Lokale Klassifikation: 15 13 C
alg: 20859450
001A    $03004:29-01-09 
001B    $01999:03-06-23 $t03:55:37.000 
001C    $03004:29-01-09 $t12:25:08.000 
001D    $03004:29-01-09 
001U    $0utf8 
001X    $00 
002@    $0Aar 
003@    $0208594507 
007A    $0208594507 $aHEB 
007T    $0Herdhh208594507 
010@    $ager 
011@    $a1932 $n[1932] 
021A    $aDer @ehemalige Bergbau im Gebiete Reichenbach-Mylau-Netzschkau $hvon Clemens Bernhardt 
028A    $D20220215 $Ecgwrk $71167531221 $8Bernhardt, Clemens [Tp3] $9436961512 
032@    $a1. Aufl. 
033A    $pReichenbach $nHaun & Sohn 
034D    $a80 S. 
034M    $aIll., graph. Darst. 
045F    $a330.094321 $eDDC23BSB 
045F/01 $a330.09 
045F/03 $g4321 
046L    $aIn Fraktur 
046M    $aLiteraturver. S. 77 - 80 

lok: 20859450 24
101B    $029-01-09 $t12:25:08.000 
101C    $029-01-09 
101U    $0utf8 
145Z/01 $a15 13 C 

exp: 20859450 24 1 #EPN
201B/01 $029-01-09 $t12:25:08.000 
201C/01 $029-01-09 
201U/01 $0utf8 
203@/01 $0566517000 
208@/01 $a29-01-09 $br 
209A/01 $a15 XIII C 1 $du $f050 $h15 13 C 1 $x00 
209C/01 $a2109 K 54 $h54 2109 K 
209G/01 $a72307119 $x00 
220C/01 $aurb 
247C/01 $8358050-7 Marburg, Bibliothek des Herder-Instituts Marburg $9102600961 

lok: 20859450 78

exp: 20859450 78 1 #EPN
201B/01 $019-04-17 $t21:30:24.000 
201U/01 $0utf8 
203@/01 $079352993X 
208@/01 $a12-11-16 $be 
209A/01 $a/ $f000 $x00 
220C/01 $aAnmerkung: *ng 
237A/01 $aIn Fraktur. - weiterführende Signatur(en): Herder-Institut: 15 XIII C 1 
244Z/01 $2Trx $8--Trx--Monographie $x01 $9391384546 
245Z/01 $a09.04 $x01 
247C/01 $82080>Marburg/Lahn, Herder-Institut, Forschungsbibliothek, Bibliographieportal $9336309341
LEADER 00000cam a22000002c 4500
001 208594507
003 DE-603
005 20230603035537.0
007 tu
008 090129s1932 xx |||| | u00||u|ger c
035 |a (DE-599)HEB208594507 
040 |a DE-603  |b ger  |c DE-603  |d DE-603 
041 |a ger 
082 0 4 |8 1\u  |a 330.094321  |q DE-101  |2 23/BSB 
085 |8 1\u  |b 330.09 
085 |8 1\u  |z 2  |s 4321 
100 1 |a Bernhardt, Clemens  |0 (DE-603)436961512  |0 (DE-588)1167531221  |2 gnd 
245 0 0 |a ˜Derœ ehemalige Bergbau im Gebiete Reichenbach-Mylau-Netzschkau  |c von Clemens Bernhardt 
250 |a 1. Aufl. 
264 1 |a Reichenbach  |b Haun & Sohn  |c [1932] 
300 |a 80 S.  |b Ill., graph. Darst. 
504 |a Literaturver. S. 77 - 80 
546 |a In Fraktur 
924 0 |9 Mb 50  |a (DE-603)566517000  |b DE-Mb50  |c HES  |d c  |g 15 XIII C 1 
924 0 |9 2080  |a (DE-603)79352993X  |b DE-2080  |c HES  |d d  |g /